| 000 | 00809cam a22002297a 4500 | ||
|---|---|---|---|
| 003 | OSt | ||
| 005 | 20170913171316.0 | ||
| 008 | 170913e201703 spc|||| |||| 0|0 0 spa|d | ||
| 017 |
_aDL B 5834-2017 _bBiblioteca de Catalunya |
||
| 020 | _a9788491167280 | ||
| 040 |
_aES-BaUOC _bcat _cCDMR |
||
| 100 | 1 | _aCamacho Marquina, Idoia, | |
| 245 | 1 | 0 |
_aFormación de portavoces _b: cómo conseguir una comunicación efectiva antes los medios y otros públicos / _cIdoia Camacho Markina |
| 260 |
_aBarcelona : _bEditorial UOC, _cmarzo 2017 |
||
| 300 |
_a254 pàgines ; _c24 cm |
||
| 504 | _aBibliografia | ||
| 650 | 7 |
_aArt de parlar en públic _2lemac |
|
| 650 | 7 |
_aComunicats de premsa _2lemac |
|
| 650 | 7 |
_aEmpreses _xComunicació _2lemac |
|
| 710 | 2 |
_aUniversitat Oberta de Catalunya, _eentitat editora |
|
| 942 | _cMON | ||
| 999 |
_c7061 _d7061 |
||